[Event "FICGS W-ch st1 g02 email"]
[Site "FICGS email"]
[Date "2022.11.02"]
[Round "1"]
[White "Laduke, Matt"]
[Black "Matisz, Gergely"]
[Result "1-0"]
[WhiteElo "2251"]
[BlackElo "1898"]
[PlyCount "87"]
[EventDate "2022.??.??"]
[EventType "tourn (corr)"]
[EventRounds "6"]
[SourceTitle "Corr 2024"]
[Source "ChessBase"]
[SourceDate "2023.10.19"]
[SourceVersion "1"]
[SourceVersionDate "2023.10.19"]
[SourceQuality "1"]

1. e4 Na6 2. Nc3 e6 3. d4 d5 4. a3 dxe4 5. Nxe4 Nb8 6. Nf3 Nd7 7. Bd3 Ngf6 8. Nxf6+ Nxf6 9. Qe2 Be7 10. h4 a6 11. Rh3 b5 12. c3 h6 13. Ne5 Bd6 14. h5 Bd7 15. Kf1 Kf8 16. Bf4 Be8 17. Kg1 Rc8 18. Rc1 c5 19. dxc5 Rxc5 20. Bb1 Kg8 21. Rd1 Nd5 22. Bg3 Qc7 23. Nd3 Bxg3 24. Rxg3 Rc6 25. Nb4 Nf4 26. Qf3 f5 27. Re1 Rc4 28. Nd5 Nxd5 29. Rxe6 Bc6 30. Ba2 Qd7 31. Rgg6 Ne7 32. Rxe7 Qxe7 33. Qxc6 Qe1+ 34. Kh2 Qe7 35. Bxc4+ bxc4 36. Qc8+ Qf8 37. Qxf8+ Kxf8 38. Rxa6 Kf7 39. Ra4 Rb8 40. Rb4 Rc8 41. Kg3 g5 42. hxg6+ Kxg6 43. Kf4 Rg8 44. Rxc4 1-0

[Event "FICGS W-ch st2 g03 email"]
[Site "FICGS email"]
[Date "2021.07.13"]
[Round "1"]
[White "Cirulis, Ilmars"]
[Black "Matisz, Gergely"]
[Result "1-0"]
[WhiteElo "2235"]
[BlackElo "1855"]
[PlyCount "57"]
[EventDate "2021.??.??"]
[EventType "tourn (corr)"]
[EventRounds "8"]
[SourceTitle "Corr 2024"]
[Source "ChessBase"]
[SourceDate "2023.10.19"]
[SourceVersion "1"]
[SourceVersionDate "2023.10.19"]
[SourceQuality "1"]

1. d4 Nf6 2. c4 e6 3. g3 Bb4+ 4. Nd2 d5 5. Bg2 0-0 6. Ngf3 b6 7. 0-0 Bb7 8. Ne5 Qc8 9. Qc2 Bd6 10. cxd5 exd5 11. Ndf3 Na6 12. Bf4 Re8 13. Ng5 Re7 14. Bh3 Qe8 15. Ng4 Ne4 16. Nxe4 dxe4 17. Bxd6 cxd6 18. Ne3 g6 19. Qb3 Nc7 20. a4 Rb8 21. Rfc1 Qd8 22. Rc2 d5 23. Ng4 Ne6 24. Nh6+ Kg7 25. Bxe6 Rxe6 26. Ng4 h5 27. Ne3 Qf6 28. Rd1 Rc6 29. h4 1-0

[Event "FICGS W-ch st2 g05 email"]
[Site "FICGS email"]
[Date "2014.03.18"]
[Round "1"]
[White "Matisz, Gergely"]
[Black "Kuhne, Detlev"]
[Result "1/2-1/2"]
[WhiteElo "1650"]
[BlackElo "2269"]
[PlyCount "146"]
[EventDate "2014.??.??"]
[EventType "tourn (corr)"]
[EventRounds "8"]
[SourceTitle "Corr 2022"]
[Source "ChessBase"]
[SourceDate "2021.10.24"]
[SourceVersion "1"]
[SourceVersionDate "2021.10.24"]
[SourceQuality "1"]

1. Nf3 d5 2. d4 Nf6 3. c4 c6 4. e3 e6 5. Bd3 Nbd7 6. Nbd2 c5 7. 0-0 Be7 8. cxd5 exd5 9. b3 0-0 10. Bb2 cxd4 11. exd4 Re8 12. Rc1 Nf8 13. Ne5 Be6 14. f4 Rc8 15. Qe2 Bd6 16. Rxc8 Bxc8 17. a3 Qb6 18. Kh1 Bd7 19. Re1 a6 20. Qe3 Ne6 21. Ndf3 Bc6 22. Kg1 Ne4 23. f5 Nc7 24. Bxe4 dxe4 25. Nc4 Nd5 26. Nxb6 Nxe3 27. Rxe3 Bf4 28. Re1 exf3 29. Rxe8+ Bxe8 30. gxf3 f6 31. Nd5 Bb8 32. Nb6 Kf7 33. Kg2 Ke7 34. a4 Bf7 35. Ba3+ Kd8 36. Nc4 Ba7 37. Bb2 Kd7 38. a5 Kc6 39. Bc3 Be8 40. h4 Bd7 41. Ne3 Kb5 42. Kg3 Bb8+ 43. Kg4 g6 44. h5 gxf5+ 45. Nxf5 Be6 46. d5 Bxd5 47. Bxf6 Kxa5 48. Bc3+ Kb6 49. b4 Kb5 50. f4 Bc7 51. Kg5 Be4 52. Ne3 Bb6 53. Ng4 Kc4 54. Be1 Bd8+ 55. Kh6 Kd5 56. Kg7 Ke6 57. Bd2 Bf3 58. Nh6 Bf6+ 59. Kxh7 Bxh5 60. f5+ Kd5 61. Ng8 Bb2 62. Ne7+ Ke4 63. Kh6 Bf7 64. Nc8 Be5 65. Kg5 Kd3 66. Be1 Ke2 67. Bh4 Ke3 68. Kg4 Be8 69. Be7 Ke4 70. Nb6 Bc7 71. Na8 Bf4 72. Nb6 Bh2 73. Nc4 Kd5 1/2-1/2

[Event "FICGS W-ch st1 g05 email"]
[Site "FICGS email"]
[Date "2014.03.03"]
[Round "1"]
[White "Matisz, Gergely"]
[Black "Pech, Matej"]
[Result "1-0"]
[WhiteElo "1650"]
[BlackElo "1109"]
[PlyCount "83"]
[EventDate "2014.??.??"]
[EventType "tourn (corr)"]
[EventRounds "8"]
[SourceTitle "Corr 2022"]
[Source "ChessBase"]
[SourceDate "2021.10.24"]
[SourceVersion "1"]
[SourceVersionDate "2021.10.24"]
[SourceQuality "1"]

1. Nf3 d5 2. d4 Nf6 3. c4 c6 4. Nc3 dxc4 5. a4 Bf5 6. e3 e6 7. Bxc4 Bb4 8. 0-0 0-0 9. Qe2 Nbd7 10. e4 Bg6 11. Bd3 Bh5 12. e5 Nd5 13. h3 Bxc3 14. bxc3 Nxc3 15. Bxh7+ Kxh7 16. Qc2+ Kg8 17. Qxc3 Nb6 18. Bg5 Nd5 19. Qd2 f6 20. exf6 gxf6 21. Bh6 Rf7 22. Nh4 Rh7 23. Ra3 Qd6 24. Rg3+ Kf7 25. Qb2 b6 26. Bd2 Rg8 27. Qb1 Rhg7 28. Re1 Bg6 29. Qd1 a5 30. Qe2 Bh7 31. Qh5+ Bg6 32. Nxg6 Rxg6 33. Rb1 Qd8 34. Rxg6 Rxg6 35. g3 Ne7 36. Qh7+ Rg7 37. Qd3 Nf5 38. Bc3 Rg8 39. Kf1 Rg7 40. Rb2 Rg8 41. Ke2 Rg7 42. Ke1 1-0

[Event "FICGS W-ch st1 g04 email"]
[Site "FICGS email"]
[Date "2013.07.29"]
[Round "1"]
[White "Hilbert, Stephan"]
[Black "Matisz, Gergely"]
[Result "0-1"]
[WhiteElo "1800"]
[BlackElo "1470"]
[PlyCount "46"]
[EventDate "2013.??.??"]
[EventType "tourn (corr)"]
[EventRounds "8"]
[SourceTitle "Corr 2022"]
[Source "ChessBase"]
[SourceDate "2021.10.24"]
[SourceVersion "1"]
[SourceVersionDate "2021.10.24"]
[SourceQuality "1"]

1. b4 e5 2. Bb2 Bxb4 3. Bxe5 Nf6 4. c4 d5 5. cxd5 0-0 6. a3 Nbd7 7. Bb2 Ba5 8. e3 Nc5 9. Nf3 Bf5 10. Be2 Nd3+ 11. Bxd3 Bxd3 12. Qb3 Qxd5 13. Qxd5 Nxd5 14. Ne5 Ba6 15. f4 Nxe3 16. Kf2 Nc2 17. Ra2 f6 18. Rc1 fxe5 19. Rxc2 Rae8 20. g3 exf4 21. Nc3 f3 22. d4 Re2+ 23. Rxe2 fxe2+ 0-1

[Event "FICGS W-ch st1 g04 email"]
[Site "FICGS email"]
[Date "2013.07.02"]
[Round "1"]
[White "Berkman, Sam"]
[Black "Matisz, Gergely"]
[Result "0-1"]
[WhiteElo "2000"]
[BlackElo "1470"]
[PlyCount "28"]
[EventDate "2013.??.??"]
[EventType "tourn (corr)"]
[EventRounds "8"]
[SourceTitle "Corr 2022"]
[Source "ChessBase"]
[SourceDate "2021.10.24"]
[SourceVersion "1"]
[SourceVersionDate "2021.10.24"]
[SourceQuality "1"]

1. d4 Nf6 2. c4 e6 3. Nc3 Bb4 4. Qc2 0-0 5. a3 Bxc3+ 6. Qxc3 b6 7. Bg5 h6 8. Bh4 Ba6 9. Qf3 Nc6 10. e3 Na5 11. Rc1 c5 12. d5 Re8 13. Nh3 exd5 14. Bxf6 Qxf6 0-1

[Event "FICGS W-ch st1 g04 email"]
[Site "FICGS email"]
[Date "2013.07.02"]
[Round "1"]
[White "Matisz, Gergely"]
[Black "Conner, Gary"]
[Result "1-0"]
[WhiteElo "1470"]
[BlackElo "2025"]
[PlyCount "107"]
[EventDate "2013.??.??"]
[EventType "tourn (corr)"]
[EventRounds "8"]
[SourceTitle "Corr 2022"]
[Source "ChessBase"]
[SourceDate "2021.10.24"]
[SourceVersion "1"]
[SourceVersionDate "2021.10.24"]
[SourceQuality "1"]

1. d4 Nf6 2. c4 e6 3. Nf3 b6 4. g3 Ba6 5. Qa4 Bb7 6. Bg2 c5 7. 0-0 cxd4 8. Nxd4 Bxg2 9. Kxg2 Qc7 10. f3 a6 11. Nc3 Ra7 12. Bg5 Be7 13. Rac1 h6 14. Bf4 Qb7 15. e4 0-0 16. e5 Nh7 17. Qc2 Rc8 18. Ne4 Nf8 19. Be3 Ra8 20. Kg1 Nc6 21. f4 Rab8 22. Qg2 Nb4 23. f5 Nd3 24. f6 gxf6 25. exf6 Bc5 26. Rc3 Ne5 27. Nc2 Nh7 28. Bxc5 Rxc5 29. Nxc5 Qxg2+ 30. Kxg2 bxc5 31. Rb3 Ra8 32. Ne3 Kf8 33. h4 Ke8 34. Rf4 Ng6 35. Rf2 Ne5 36. Kh3 h5 37. g4 Kd8 38. gxh5 a5 39. a4 Kc7 40. Ng4 Nxc4 41. Rc3 d5 42. b3 Nd6 43. Rxc5+ Kd8 44. Rf3 Ne4 45. Rc2 Nd6 46. h6 Nf5 47. Rfc3 d4 48. Rc5 Ne3 49. Nxe3 dxe3 50. Rb5 Ra7 51. Rb8+ Kd7 52. Re2 Nxf6 53. Rxe3 Ke7 54. Rf3 1-0

[Event "FICGS W-ch st1 g06 email"]
[Site "FICGS email"]
[Date "2012.12.01"]
[Round "1"]
[White "Wolf, Bernd"]
[Black "Matisz, Gergely"]
[Result "1-0"]
[WhiteElo "2113"]
[BlackElo "1430"]
[PlyCount "33"]
[EventDate "2012.??.??"]
[EventType "tourn (corr)"]
[EventRounds "8"]
[SourceTitle "Corr 2022"]
[Source "ChessBase"]
[SourceDate "2021.10.24"]
[SourceVersion "1"]
[SourceVersionDate "2021.10.24"]
[SourceQuality "1"]

1. e4 e6 2. d4 d5 3. Nc3 Nf6 4. e5 Nfd7 5. f4 c5 6. Nf3 Nc6 7. Be3 Be7 8. Qd2 a6 9. dxc5 Bxc5 10. Bxc5 Nxc5 11. a3 0-0 12. Qf2 Qb6 13. b4 Nd7 14. Bd3 h6 15. 0-0 Qxf2+ 16. Kxf2 Ra7 17. g3 1-0

[Event "FICGS W-ch st1 g06 email"]
[Site "FICGS email"]
[Date "2012.11.01"]
[Round "1"]
[White "Huerga, Aser"]
[Black "Matisz, Gergely"]
[Result "1-0"]
[WhiteElo "2000"]
[BlackElo "1430"]
[PlyCount "87"]
[EventDate "2012.??.??"]
[EventType "tourn (corr)"]
[EventRounds "8"]
[SourceTitle "Corr 2022"]
[Source "ChessBase"]
[SourceDate "2021.10.24"]
[SourceVersion "1"]
[SourceVersionDate "2021.10.24"]
[SourceQuality "1"]

1. e4 b5 2. Bxb5 c6 3. Ba4 Qa5 4. Nc3 Nf6 5. Qf3 e6 6. Nge2 Be7 7. 0-0 0-0 8. d4 d5 9. Ng3 Bb7 10. e5 Nfd7 11. Qg4 Kh8 12. Nh5 Rg8 13. Qf3 Rf8 14. a3 Qd8 15. Ne2 Qa5 16. Bb3 c5 17. c3 Nc6 18. Bc2 cxd4 19. cxd4 Qc7 20. Be3 g6 21. Rfc1 Qb6 22. Nhf4 Rad8 23. Qh3 Rg8 24. b4 Ba6 25. Bxg6 fxg6 26. Qxe6 Ndb8 27. Nxd5 Rxd5 28. Nf4 Rd7 29. d5 Nd8 30. Qg4 Qb7 31. e6 Bf6 32. exd7 Nxd7 33. Rab1 Bb5 34. Qd1 Nb6 35. Rc5 Nd7 36. Bd4 Rf8 37. Bxf6+ Nxf6 38. Qc2 Nd7 39. Rc7 Qb6 40. g3 g5 41. Ne6 Nxe6 42. dxe6 Nf6 43. Re1 a6 44. Rc5 1-0

[Event "FICGS W-ch st1 g07 email"]
[Site "FICGS email"]
[Date "2012.01.01"]
[Round "1"]
[White "Endean, Andrew"]
[Black "Matisz, Gergely"]
[Result "1-0"]
[WhiteElo "2007"]
[BlackElo "1378"]
[PlyCount "49"]
[EventDate "2012.??.??"]
[EventType "tourn (corr)"]
[EventRounds "8"]
[SourceTitle "Corr 2022"]
[Source "ChessBase"]
[SourceDate "2021.10.24"]
[SourceVersion "1"]
[SourceVersionDate "2021.10.24"]
[SourceQuality "1"]

1. d4 Nf6 2. c4 e6 3. Nf3 d5 4. Nc3 Bb4 5. Bg5 Nbd7 6. cxd5 exd5 7. e3 h6 8. Bh4 g5 9. Bg3 Ne4 10. Nd2 Nxg3 11. hxg3 c6 12. a3 Bf8 13. Bd3 Bg7 14. Qc2 0-0 15. Bh7+ Kh8 16. Nf3 Re8 17. Bd3 Kg8 18. Bh7+ Kh8 19. Bd3 Qe7 20. 0-0-0 Kg8 21. Rde1 Nf6 22. Kb1 Ne4 23. Ka1 a5 24. Ne5 Nxc3 25. Qxc3 1-0

[Event "FICGS W-ch st1 g07 email"]
[Site "FICGS email"]
[Date "2012.01.01"]
[Round "1"]
[White "Matisz, Gergely"]
[Black "Roe, Philip"]
[Result "0-1"]
[WhiteElo "1378"]
[BlackElo "1705"]
[PlyCount "54"]
[EventDate "2012.??.??"]
[EventType "tourn (corr)"]
[EventRounds "8"]
[SourceTitle "Corr 2022"]
[Source "ChessBase"]
[SourceDate "2021.10.24"]
[SourceVersion "1"]
[SourceVersionDate "2021.10.24"]
[SourceQuality "1"]

1. e3 f5 2. d4 Nf6 3. Bd3 g6 4. Nf3 d6 5. 0-0 Bg7 6. Nbd2 0-0 7. c3 Qe8 8. e4 e5 9. dxe5 dxe5 10. Re1 Nc6 11. a4 h6 12. b4 fxe4 13. Nxe4 Nxe4 14. Bxe4 Bf5 15. b5 Bxe4 16. Rxe4 Nd8 17. Qc2 Nf7 18. Ba3 Nd6 19. Rae1 Nxe4 20. Bxf8 Ng5 21. Nxg5 Kxf8 22. Ne4 a6 23. c4 axb5 24. cxb5 c6 25. Nd6 Qe6 26. Nxb7 cxb5 27. axb5 Qd5 0-1

[Event "FICGS W-ch st1 g11 email"]
[Site "FICGS email"]
[Date "2011.04.01"]
[Round "1"]
[White "Matisz, Gergely"]
[Black "Kokoryukin, Sergey"]
[Result "0-1"]
[WhiteElo "1600"]
[BlackElo "2093"]
[PlyCount "62"]
[EventDate "2011.??.??"]
[EventType "tourn (corr)"]
[EventRounds "7"]
[SourceTitle "Corr 2013"]
[Source "ChessBase"]
[SourceDate "2012.11.12"]
[SourceVersion "1"]
[SourceVersionDate "2012.11.12"]
[SourceQuality "1"]

1. Nf3 Nf6 2. d4 e6 3. c4 b6 4. e3 Bb7 5. Bd3 d5 6. cxd5 exd5 7. 0-0 Bd6 8. Nc3 0-0 9. Qb3 Nbd7 10. Qd1 c5 11. b3 Ne4 12. Bb2 Nxc3 13. Bxc3 c4 14. Bxc4 dxc4 15. d5 cxb3 16. Qxb3 Nc5 17. Qb4 Bxd5 18. Qg4 f6 19. Rfd1 Be6 20. Qd4 Bc7 21. Qh4 Qe8 22. Rd2 Rd8 23. Rxd8 Bxd8 24. Nd4 Bc8 25. Qf4 Qf7 26. Qf3 Bc7 27. a3 Rd8 28. Qe2 Ba6 29. Qd1 Be5 30. Rc1 Bxd4 31. Bxd4 Nb3 0-1